000
00254nam a2200109Ia 4500
008
230907s9999||||xx |||||||||||||| ||und||
082
_a
364.151
_b
GEN
245
0
_a
Genocide /
260
_a
SAGE,
_b
Los Angeles :
_c
2008
300
_a
4 v. p. ;
942
_c
BK
999
_c
599411
_d
599411